Szczegóły MARC21

Zastosowanie ekonometrii w przedsiębiorstwie : materiały z ogólnopolskiej konferencji naukowej /

003 -Nazwa inst., której nr kontr. jest w polu 001 [,]
    • @
    • Nazwa instytucji, której n kontrolny jest w polu 001
    • NUKAT
005 -DATA I CZAS OSTATNIEJ MODYFIKACJI [,]
    • @
    • pole kontrolne
    • 20251007140508.0
040 -Instytucja sporządzająca opis [ , ]
    • a
    • Instytucja, która sporządziła opis (NP)
    • KIEL 008/JK
    • c
    • Instytucja, która sporządziła rekord (NP)
    • KIEL 008/JKs
    • d
    • Instytucja, która zmodyfikowała rekord (P)
    • KIEL 008/JK
942 -Rodzaj dokumentu [ , ]
    • c
    • Rodzaj dokumentu
    • Książka
245 -Strefa tytułu i oznaczenia odpowiedzialności [0,0]
    • a
    • Tytuł
    • Zastosowanie ekonometrii w przedsiębiorstwie : Find
    • b
    • Ciąg dalszy tytułu (NP)
    • materiały z ogólnopolskiej konferencji naukowej / Find
    • c
    • Pozostałe elementy strefy tytułu i oznaczenia odpowiedzialności (NP)
    • pod red. Józefa Hozera.
260 -Strefa adresu wydawniczego [ , ]
    • a
    • Miejsce wydania (P)
    • Szczecin :
    • b
    • Nazwa wydawcy (P)
    • Wydawnictwa Naukowe Uniwersytetu Szczecińskiego,
    • c
    • Data wydania (P)
    • 1987.
300 -Strefa opisu fizycznego [ , ]
    • a
    • Określenie formy książki i/lub objętość (NP)
    • 178 s. :
    • b
    • Oznaczenie ilustracji (NP)
    • il. ;
    • c
    • Format (NP)
    • 21 cm.
336 -Typ zawartości [ , ]
    • a
    • Termin opisujący typ zawartości
    • Tekst
    • b
    • Kod określający zawartość
    • txt
    • 2
    • Źródło (terminu i kodu)
    • rdacontent
337 -Typ mediów [ , ]
    • a
    • Tryb odtwarzania
    • Bez urządzenia pośredniczącego
    • b
    • Kod typu mediów
    • n
    • 2
    • Źródło (terminu i kodu)
    • rdamedia
338 -Typ/rodzaj nośnika [ , ]
    • a
    • Hasło opisujące typ nośnika
    • Wolumin
    • b
    • Kod typu nośnika
    • nc
    • 2
    • Źródło (terminu i kodu)
    • rdacarrier
500 -Uwaga ogólna [ , ]
    • a
    • Uwaga ogólna (NP)
    • Nas. red.: Ogólnopolska konferencja naukowa pt.: Zastosowanie ekonometrii w przedsiębiorstwie, odbyła się w Świnoujściu w dniach 19-21.09.1985 r.
500 -Uwaga ogólna [ , ]
    • a
    • Uwaga ogólna (NP)
    • Zawiera tab.
080 -Uniwersalna Klasyfikacja Dziesiętna [ , ]
    • a
    • Symbol klasyfikacji
    • 330.43(438)(061)
080 -Uniwersalna Klasyfikacja Dziesiętna [ , ]
    • a
    • Symbol klasyfikacji
    • :519.862.6(438)(061)
080 -Uniwersalna Klasyfikacja Dziesiętna [ , ]
    • a
    • Symbol klasyfikacji
    • :658.1/.5.012.122(438)(061)
650 -Hasło przedmiotowe [ ,7]
    • a
    • Hasło przedmiotowe
    • Ekonometria
    • v
    • Określnik formalny
    • konferencje.
    • 2
    • Źródło terminu
    • kaba
    • 9
    • KHW
    • 362970
650 -Hasło przedmiotowe [ ,7]
    • a
    • Hasło przedmiotowe
    • Zarządzanie przedsiębiorstwem
    • v
    • Określnik formalny
    • konferencje.
    • 2
    • Źródło terminu
    • kaba
    • 9
    • KHW
    • 360923
980 -Symbol UKD [ , ]
    • a
    • UKD
    • 330.43:519.862.6:658.1/.5.012.122](438)(061)
700 -Hasło dodatkowe - nazwa osobowa [1, ]
    • a
    • Nazwa osobowa (NP)
    • Hozer, Józef Find
    • d
    • Daty biograficzne (NP)
    • (1948-2023).
    • e
    • Określenie rodzaju współpracy
    • Red.
    • 9
    • KHW
    • 7277
710 -Hasło dodatkowe - nazwa ciała zbiorowego [2, ]
    • a
    • Nazwa ciała zbiorowego lub nazwa geograficzna jako pierwszy element (NP)
    • Uniwersytet Szczeciński.
    • b
    • Nazwa jednostki podrzędnej (P)
    • Wydawnictwo Naukowe.
    • 4
    • Kod relacji
    • pbl
    • 9
    • KHW
    • 51208
711 -Hasło dodatkowe - nazwa imprezy [2, ]
    • a
    • Nazwa imprezy (NP)
    • Ogólnopolska Konferencja Naukowa pt. "Zastosowanie Ekonometrii w Przedsiębiorstwie"
    • d
    • Data imprezy (NP)
    • (1985 ;
    • c
    • Miejsce imprezy (NP)
    • Świnoujście).
    • 9
    • KHW
    • 697148
Sygnatura Numer inwentarzowy Status udost. Lokalizacja Data inwentaryzacji
 E.56724-2BE2001-11-29
 S.612432BE2001-11-29
 S.61244-3BE2001-11-29
 S.612452BE2001-11-29
 S.612462BE2001-11-29
 S.612472BE2001-11-29
T.6597T.6597-2T2002-03-08